Statistics for 15 Largest Cities in Asia (with a map)

Click here to take the quiz!

General Stats

  • This quiz has been taken 30,945 times
  • The average score is 13 of 15

Answer Stats

Population City % Correct
40.4 milTokyo
99%
19.8 milBeijing
97%
30.3 milDelhi
96%
24.8 milSeoul
96%
16.0 milIstanbul
93%
33.6 milShanghai
91%
31.3 milJakarta
90%
25.7 milManila
90%
25.1 milMumbai
89%
18.8 milBangkok
89%
17.7 milOsaka
77%
20.2 milDhaka
72%
46.7 milGuangzhou
68%
16.8 milKolkata
68%
17.8 milKarachi
65%

Score Distribution

Percentile by Number Answered

Percent of People with Each Score

Your Score History

You have not taken this quiz